[Event "Turnier 40 / 120"]
[Site "Wien"]
[Date "2022.03.14"]
[Round "18"]
[White "Tasc R 30 V 2.5 Aktiv - ARM6 - 30 MHZ"]
[Black "Mephisto Genius 68030 Aktiv - 33 MHZ"]
[Result "1/2-1/2"]
[BlackElo "2252"]
[WhiteElo "2332"]

1. e4 e5 2. Nc3 Nf6 3. Bc4 Nc6 4. d3 {Buchende} Bc5 5. Nf3 d6 6. Bg5 {Tasc
R30 wieder im Buch} h6 7. Bxf6 Qxf6 8. Nd5 Qd8 9. c3 {Buchende} a6 10. d4
{Buchbewertung Tasc R30: +0,13} exd4 11. cxd4 Ba7 12. h3 O-O 13. O-O Be6
{Buchende} 14. Rc1 Na5 {Buchbewertung Mephisto Genius 68030: -0,18 / lt.
Stockfish ist Weiss knapp im Vorteil mit ca. +0,20} 15. Bd3 c5 16. Qd2 Nc6
17. dxc5 dxc5 18. Rfe1 Qd7? {ein schwacher Zug hier bietet sich Weiss die
Gelegenheit mittel Sf6+ !!! klar in Vorteil zu kommen} 19. Rcd1 {Tasc R30
kommt aber nicht auf diese Fortsetzung, die aber zugegeben sehr schwer zu
sehen ist} Nd4? {verliert die Partie sofort, Stockfish +8,00 für Weiss mit
der Fortsetzung Sf6+ und Schwarz kann aufgeben} 20. Nxd4 {deutlich
schwächer als Sf6+, aber Weiss steht trotzdem klar auf Gewinn mit +5,00}
cxd4 {es gewinnt immer noch Sf6+, Stockfish +5,00 für Weiss} 21. Qb4? {Der
Tasc R30 kann die Chance wieder nicht nützen, nach dem Textzug ist die
Stellung sofort wieder im Lot, Stockfish 0,00} Rfe8 22. Rc1 Bxd5 23. exd5
Rxe1+ 24. Qxe1 Qd6 25. Qe4 g6 26. h4 h5 27. Re1 Bc5 28. a3 {die Stellung
ist im Lot, Stockfish 0,00} a5 29. Qf3 Rd8 30. Bc4 Kg7 31. Qd3 Qb6 32. Re2
Qf6 33. g3 Qd6 34. b4 axb4 35. axb4 Bb6 36. Qb3 Rc8 37. Kg2 Kg8 38. f4 Kf8
39. Re1 Qc7 40. Rc1 Qe7 41. Rd1 Qe4+ 42. Kh2 Qe3 43. Qa2 {besser ist d6,
nach dem Textzug ist Schwarz bereits im Vorteil mit ca. +0,80} Qc3
{schwächer als Lc7, nach dem Textzug ist Schwarz noch mit ca. +0,40 im
Vorteil} 44. Bd3 Rd8 {besser ist Te8, nach dem Textzug ist die Stellung im
Lot, Stockfish 0,00 mit der Fortsetzung f5} 45. Qc4 Rd6 46. Rc1 Qxc4 {mit
dem Damentausch nähert sich die Partie dem Remis bei ungleichen Läufern
bietet diese Stellung für keinen der beiden Kontrahenten mehr entscheidende
Angriffspunkte} 47. Bxc4 Ke7 48. Re1+ Kd7 49. Kg2 Bd8 50. Rd1 Bf6 51. Kf3
Rb6 52. b5 Kd6 53. Re1 Kc5 54. Rc1 Rd6 55. Bd3+ Kb6 56. Rc8 Rxd5 57. Rf8
Rd7 58. Ke2 Bg7 59. Rg8 {trotz des Bauerngewinnes von Schwarz ist die
Stellung nach wie vor im Lot, Stockfish 0,00} Re7+ 60. Kd2 Bf6 61. Rf8 Rc7
62. Bxg6 Bxh4 63. Bxh5 Bxg3 64. f5 Kxb5 65. Rxf7 Rxf7 66. Bxf7 Kc5 67. Kd3
{die weissen Felder sind für die beiden nicht zusammenhängenden schwarzen
Bauern nicht mehr zu überwinden, Userentscheid: Remis} 1/2-1/2
[/pgn]
[pgn]

[Event "Turnier 40 / 120"]
[Site "Wien"]
[Date "2022.03.15"]
[Round "19"]
[White "Mephisto Genius 68030 Aktiv - 33 MHZ"]
[Black "Tasc R30 V 2.5 Aktiv - ARM6 - 30 MHZ"]
[Result "0-1"]
[BlackElo "2332"]
[WhiteElo "2252"]

1. d4 f5 2. g3 Nf6 3. Bg2 e6 4. c4 Be7 5. Nf3 O-O 6. O-O d6 7. Nc3 Qe8
{Buchende} 8. Qc2 {Buchende} b6 {Buchbewertung Tasc R30: -0,97 ist gar
nicht zufrieden mit seinem Buch, gleich der erste berechnete Zug ist nicht
ideal, deutlich besser war a5, Stockfish sieht Weiss bereits mit +1,60 im
Vorteil} 9. Nb5 {Buchbewertung Genius 68030: +0,87 / aber auch der erste
berechnete Zug des Genius ist nicht optimal, deutlich besser war a3 oder
auch Sg5, Stockfish +0,80 für Weiss} Na6 10. Ne5 Ne4 11. Bxe4 fxe4 12. Qxe4
d5 13. Qg4 Bf6 14. b3 dxc4 15. bxc4 Bxe5 16. dxe5 Bb7 17. f3 Rf7 18. Ba3
Nb8 19. Rfd1 Nc6 20. Qe4 Rd7 21. Rab1 a6 22. Nc3 Rad8 23. Rxd7 Rxd7 24. c5
b5 {die Stellung ist im Lot, Stockfish 0,00} 25. f4? {ein ganz schwacher
Zug, der die Partie bereits verliert, Stockfish +2,70 für Schwarz mit der
Fortsetzung Td4, nötig war Td1 mit Ausgleich} Na5 26. Qb4 Nc4 27. Re1?
{nochmal deutlich schwächer als c6, danach ist alles vorbei, Stockfish
+4,00 für Schwarz mit der Fortsetzung Td8} Rd4 {deutlich schwächer als Td8,
Stockfish +2,00 für Schwarz mit der Fortsetzung c6} 28. c6 Bxc6 29. Rf1
Rd7? {ein schwacher Zug, der Weiss wieder Chancen einräumt, Stockfish +1,00
für Schwarz mit der Fortsetzung Dc5, nötig war h6 mit ca. +2,50 für
Schwarz} 30. Bc1? {damit verspielt Weiss gleich wieder seine Chancen,
Stockfish +2,40 für Schwarz mit der Fortsetzung Da8} Qa8 31. Qc5 Bh1
{besser ist Lg2} 32. Rf2 Nb6 {besser ist Dc6, Stockfish +1,50 für Schwarz
mit der Fortsetzung h3} 33. h3 Nd5 34. Nxd5 Bxd5 35. Qc2 Be4 36. Qc5 Bb1
37. a3 Be4 38. Rh2? {verliert die Partie sofort, Stockfish +4,50 für
Schwarz mit der Fortsetzung Td1+, Kampf war noch möglich mit g4, was
Stockfish mit ca. +2,00 für Schwarz bewertet} Rd1+ 39. Kf2 Qd8 40. h4 h5
41. Qc3 Qd5 42. Qxc7 Qd4+ 43. Be3 {da ist nichts mehr zu holen für Weiss,
Stockfish -11,00} Qa1! {der richtige Zug} 44. Qc8+ Kh7 45. Ba7 Rg1 46. Qc5
Qe1+ 47. Ke3 Rxg3+ 48. Kxe4 Qb1+ 49. Kd4 Qd1+ 50. Ke4 Qa4+ 51. Qd4 Qc2+ 52.
Qd3 Rxd3 53. exd3 Qxh2 {Rest geschenkt} 0-1
[/pgn]
[pgn]

[Event "Turnier 40 / 120"]
[Site "Wien"]
[Date "2022.03.17"]
[Round "20"]
[White "Tasc R30 V 2.5 Aktiv - ARM6 - 30 MHZ"]
[Black "Mephisto Genius 68030 Aktiv - 33 MHZ"]
[Result "0-1"]
[BlackElo "2252"]
[WhiteElo "2332"]

1. e4 e5 2. f4 exf4 3. Nf3 d6 4. d4 g5 5. h4 g4 6. Ng1 Bh6 7. Nc3
{Buchende} c6 {Buchende} 8. Bd3 {Buchbewertung Tasc R30: -0,13} Nf6
{Buchbewertung Genius 68030: -0,09 / lt. Stockfish ist die Stellung etwa
gleich, besser war Df6 danach wäre Schwarz leicht im Vorteil gewesen} 9.
Nge2 Nh5 10. a4 O-O 11. a5? {ein schwacher Zug, danach könnte Schwarz
mittels f5 schon sehr klar in Vorteil kommen, Stockfish +2,60, nötig war g3
mit geringem Vorteil für Schwarz} Qf6 {schwächer als f5, Schwarz bleibt
aber im Vorteil mit ca. +2,00} 12. Bc4 {deutlich besser ist Ld2, nach dem
Textzug ist die Partie praktisch verloren für Weiss, Stockfish -3,50 mit
der Fortsetzung Te8} Re8 13. Qd3 {besser ist Ta3, nach dem Textzug ist
Schwarz bereits mit +4,50 im Vorteil mit der Fortsetzung d5} d5! {ganz
stark vom Genius gespielt !, Stockfish +5,00} 14. exd5? {verliert forciert,
besser ist noch Lxd4, Stockfish +9,00 für Schwarz} Bf5 15. Qd2 Ng3 16. Rh2
Bxc2 17. Qxc2 Qxd4 18. Be3 Qxe3 19. Kd1 Qf2 20. Qd2 Nxe2 21. Bxe2 Qg1+ 22.
Kc2 Qxh2 {Schwarz hat bereits einen Turm und 2 Bauern im Plus, angesichts
dieser hoffnungslosen Lage erspare ich dem Tasc R30 die Hinrichtung:
Userentscheid: 0-1} 0-1
[/pgn]
[pgn]

[Event "Turnier 40 / 120"]
[Site "Wien"]
[Date "2022.03.17"]
[Round "21"]
[White "Mephisto Genius 68030 Aktiv - 33 MHZ"]
[Black "Tasc R30 V 2.5 Aktiv - ARM6 - 30 MHZ"]
[Result "1-0"]
[BlackElo "2332"]
[WhiteElo "2252"]

1. d4 Nf6 2. c4 g6 3. Nc3 d5 4. cxd5 Nxd5 5. e4 Nxc3 6. bxc3 Bg7 7. Bc4 c5
8. Ne2 O-O {Buchende} 9. O-O {Buchende} Nd7 {Buchbewertung Tasc R30: -0,71,
besser war Sc6 lt. Stockfish steht Weiss besser mit ca. +0,80} 10. Bg5
{Buchbewertung Mephisto Genius 68030: +0,33} h6 11. Be3 Qc7 12. Bf4
{deutlich besser ist Lb3, nach dem Textzug ist die Stellung im Lot} e5 13.
dxe5 Nxe5 14. Bd5 g5? {ein schwacher Zug, der Weiss klar in Vorteil bringt,
Stockfish +1,30 mit der Fortsetzung Lg3, nötig war Le6 mit Ausgleich} 15.
Bg3 a5? {und gleich der nächste schwache Zug, danach ist die Partie
praktisch schon verloren, Stockfish +2,50 für Weiss mit der Fortsetzung f4,
deutlich besser ist De7} 16. f4! gxf4 17. Nxf4 Bg4? {deutlich besser ist
Ta6, Stockfish +4,00 für Weiss} 18. Qb3 {deutlich besser ist De1, Stockfish
+2,50 für Weiss} a4 {besser ist c4, Stockfish +3,30 für Weiss mit der
Fortsetzung Dc2} 19. Qc2 Rfd8? {der Favorit agiert in dieser Partie völlig
orientierungslos, dieser Zug ist um ganze 3 Bauerneinheiten schlechter als
Ta6, Stockfish +6,50 für Weiss} 20. Qf2 {deutlich besser ist h3, Weiss
steht aber klar auf Gewinn, Stockfish +4,50} c4? {deutlich besser ist Da5,
Stockfish +7,00 für Weiss mit der Fortsetzung h3} 21. Rab1 Ra5 22. Rxb7 Qd6
23. Rxf7 Nxf7 24. Bxf7+ Kh7 25. Ne6 Qd2 26. Nxd8 Qxd8 27. Bxc4 Bh5 28. e5
Bxe5 29. Bxe5 Rxe5 30. Qc2+ Kg7 31. Qxa4 {Weiss kassiert bereits den 3.
Mehrbauern, die Partie ist längst gelaufen, Stockfish +6,50} Qe7 32. Bb3
Re4 33. Qa8 Qe8 34. Qb7+ Re7 35. Qb6 Re1 36. Qf2 Rxf1+ 37. Kxf1 Qb5+ 38.
Kg1 Qg5 39. Qd4+ Kf8 40. g3 Ke8 41. Qe4+ Kd7 42. Qd5+ Qxd5 43. Bxd5
{Userentscheid: 1-0} 1-0
[/pgn]
[pgn]

[Event "Turnier 40 / 120"]
[Site "Wien"]
[Date "2022.03.18"]
[Round "22"]
[White "Tasc R30 V 2.5 Aktiv - ARM6 - 30 MHZ"]
[Black "Mephisto Genius 68030 Aktiv - 33 MHZ"]
[Result "1-0"]
[BlackElo "2252"]
[WhiteElo "2332"]

1. d4 d5 2. Nf3 c6 3. c4 Nf6 4. Nc3 dxc4 5. a4 Bf5 6. e3 e6 7. Bxc4 Bb4 8.
O-O Nbd7 9. h3 h6 10. Qe2 Bh7 11. e4 Bxc3 12. bxc3 Nxe4 13. Ba3 {Buchende}
Nb6 14. Ne5 {Buchbewertung Tasc R30: -0,33} Qc7 15. Bb3 O-O-O {Buchende}
16. Rfe1 Bf5? {Buchbewertung Genius 68030: +0,06, gleich der 1. berechnete
Zug des Genius ist nicht ideal und bringt Weiss schon ganz klar in Vorteil,
Stockfish +1,50 mit der Fortsetzung a5, deutlich besser ist Sd5 mit ca.
+0,50 für Weiss} 17. Rac1? {der Tasc lässt diese frühe Chance aus, nach dem
Textzug ist Weiss nur noch mit ca. +0,30 im Vorteil} h5? {ein
grottenschlechter Zug, danach ist die Partie bereits verloren, Stockfish
+3,50 für Weiss mit der Fortsetzung a5, nötig war f6 und alles ist im Lot}
18. f3? {um ganze 2 Bauerneinheiten schwächer als a5, Stockfish +1,50 für
Weiss} Ng3 19. Qd2? {der nächste schwache Zug, damit ist jeglicher Vorteil
schon wieder dahin, Stockfish 0,00 mit der Fortsetzung f6, deutlich besser
ist Df2} f6 20. Nd3 e5? {ein schwacher Zug, der Weiss wieder klaren Vorteil
bringt, Stockfish +1,50 mit der Fortsetzung a5, nötig war The8 und alles
ist im Lot} 21. a5 Nd7 22. a6 {deutlich besser ist Sb2, Stockfish +1,00 für
Weiss} b6 23. Be7? {dieser Zug verspielt jeglichen Vorteil, Stockfish 0,00,
deutlich besser war h4 mit ca. +1,00 für Weiss} Rde8 24. Ba3 g5 {besser ist
e4, nach dem Textzug ist Weiss wieder im Vorteil mit ca. +1,00 mit der
Fortsetzung Lf7} 25. dxe5? {ein schlechter Zug, der jeglichen Vorteil
verspielt, die Stellung ist im Lot} Bxd3 26. Qxd3 {besser ist exf6, nach
dem Textzug ist Schwarz bereits im Vorteil mit ca. +1,00} Nxe5 27. Qc2 c5
{besser ist Td8, nach dem Textzug steht Schwarz nur noch knapp besser mit
ca. +0,30} 28. Rcd1 c4 29. Ba4 {die Stellung ist im Lot, Stockfish 0,00}
Rd8 30. Rd4 b5? {was bitte ist das für ein unmöglicher Zug ????, also dazu
gibt es keine passenden Worte, danach ist die Partie sofort verloren,
Stockfish +5,00 für Weiss} 31. Bxb5 Qb6 32. Rb1 {der richtige Zug, die
Partie kann Schwarz schon aufgeben, obwohl es ist noch Vorsicht geboten,
denn der Tasc R30 sieht hier noch gar keinen Vorteil, Bewertung -0,11} Rxd4
33. cxd4 Qxd4+ 34. Kh2 h4 35. Bb2 Qd3 36. Qf2 Qh7 {besser ist noch Th7,
Stockfish +15,00 für Weiss, aber es spielt an dieser Stelle keine Rolle
mehr.} 37. Bxe5 fxe5 38. Qc5+ {Stockfish Matt in 17} Qc7 39. Qd5 Nf1+ 40.
Kg1 Qb6+ 41. Kxf1 {Matt in 13, Rest geschenkt} 1-0
[/pgn]
[pgn]

[Event "Turnier 40 / 120"]
[Site "Wien"]
[Date "2022.03.19"]
[Round "23"]
[White "Mephisto Genius 68030 Aktiv - 33 MHZ"]
[Black "Tasc R30 V 2.5 Aktiv - ARM6 - 30 MHZ"]
[Result "1/2-1/2"]
[BlackElo "2332"]
[WhiteElo "2252"]

1. d4 Nf6 2. c4 c6 3. Nf3 d5 4. Nc3 dxc4 5. a4 Bf5 6. e3 e6 7. Bxc4 Bb4 8.
O-O O-O 9. Qe2 c5 10. Na2 Nc6 11. Nxb4 Nxb4 12. Bd2 Nc2 13. Rad1 cxd4 14.
Bc3 Qc7 {Buchende} 15. exd4 {Buchende} Ne4? {Buchbewertung Tasc R30: -0,47,
gleich der erste berechnete Zug ist nicht ideal und bringt Weiss schon klar
in Vorteil, Stockfish +1,50 mit der Fortsetzung Tc1, deutlich besser war a5
mit ca. +0,70 für Weiss} 16. Rc1 {Buchbewertung Genius 68030: +0,21} Nxc3
17. bxc3 Rac8 18. Bb3 Qxc3 19. Bxc2 {Weiss steht klar besser mit ca. +1,50}
Qb2 20. Bd3 Qxc1 21. Bxf5 Qa3 22. Bb1? {verspielt nahezu den gesamten
Vorteil, Stockfish nur noch +0,20 für Weiss, nötig war Lc2 mit ca. +1,50}
Rc7? {ein ganz schlechter Zug, der Weiss bereits klar in Vorteil bringt,
Stockfish +2,40 mit der Fortsetzung De4, nötig war Tc1 mit Ausgleich} 23.
Qe5? {verschenkt sofort wieder jeglichen Vorteil, hier kann Schwarz mit Tc1
ausgleichen} Rfc8? {beide Geräte verstehen diese Stellung nicht, nach dem
Textzug ist wieder Weiss klar in Vorteil, Stockfish +1,50 mit der
Fortsetzung Sg5} 24. d5? {war nicht anders zu erwarten, wieder ist der
Vorteil nahezu dahin, Stockfish +0,40 für Weiss} Rc1 25. dxe6 Rxf1+ 26.
Kxf1 Qc1+ 27. Qe1 Qc4+ 28. Kg1 fxe6 29. Bd3 Qc1 30. Kf1 h6 31. Ne5 {die
Stellung ist im Lot, Stockfish 0,00} Qf4? {ein absoluter Verlustzug, der
die Partie sofort verliert, Stockfish +4,00 für Weiss mit der Fortsetzung
Sg6, nötig war Dxe1 und die Stellung ist Remis} 32. Ng6! {der richtige Zug,
der den Tasc R30 überrascht, er rechnete hier mit De4, danach wäre die
Stellung wieder Remis gewesen} Qd6 33. Qe4 Rc1+ 34. Ke2 Ra1 35. h4 Ra2+ 36.
Bc2 Qa6+ 37. Kf3 Qd6 38. g3 {die Stellung ist bereits hoffnungslos verloren
für Schwarz, Stockfish -6,50} a6 39. Kg2! {der richtige Zug, Weiss ist auf
Kurs zum Sieg, der Tasc R30 hat den Überblick verloren, hat hier mit Sf4
gerechnet, dieser Zug wäre um ganze 7 Bauerneinheiten schlechter gewesen
als der Textzug und hätte Schwarz wieder gute Chancen eingeräumt.} Rb2 40.
Nf4? {doch leider macht der Genius 68030 einen Zug später diesen
gravierenden Fehler, der hier um 6 Bauerneinheiten schlechter ist als h5,
da er Schwarz die Möglichkeit gibt, die Damen zu tauschen und die Stellung
zu entschärfen, Stockfish +1,50 für Weiss} Qc6 41. Qxc6 bxc6 42. Bd3 Rb4
43. Bxa6 Rxa4 44. Bc8 Kf7 45. Bd7 Ra6 46. Bxe6+ Kf6 47. Bc4 Ra4 48. Bg8 Ra8
49. Bb3 Ra3 50. Bc2 Ke5 51. Bd3? {verspielt jeglichen Vorteil, nach dem
Textzug ist die Partie Remis, Stockfish 0,00, Voteil war noch zu haben
mittels h5 mit ca. +1,00} g5 52. Ng6+ Kf6 53. Be4 c5 54. f3 Ra2+ 55. Kf1 c4
56. hxg5+ hxg5 57. Ke1 c3 58. Kd1 Rg2 59. g4 Rd2+ 60. Kc1 Re2 {der weisse
König ist dauerhaft ausgeschlossen vom Geschehen und der Punkt f4 ist
nachhaltig blockiert, ein Vorstoss für Weiss ist hier nicht mehr möglich,
daher Userentscheid: Remis} 1/2-1/2
[/pgn]
[pgn]

[Event "Turnier 40 / 120"]
[Site "Wien"]
[Date "2022.03.21"]
[Round "24"]
[White "Tasc R30 V 2.5 Aktiv - ARM6 - 30 MHZ"]
[Black "Mephisto Genius 68030 Aktiv - 33 MHZ"]
[Result "1-0"]
[BlackElo "2252"]
[WhiteElo "2332"]

1. Nf3 d5 2. d4 Nf6 3. c4 c6 4. Nc3 dxc4 5. a4 Bf5 6. e3 e6 7. Bxc4 Bb4 8.
O-O Nbd7 9. Nh4 {Buchende} Bg6 10. Qb3 {Buchbewertung Tasc R30: +0,26} Qb6
{Buchende} 11. Nxg6 hxg6 {Buchbewertung Genius 68030: -0,36 / lt. Stockfish
steht Weiss etwas besser mit ca. +0,30} 12. Bd2 c5 13. Rfd1 cxd4 {die
Stellung ist im Lot, Stockfish 0,00} 14. exd4 Rc8 15. Rac1 Bd6 16. h3 a6
17. a5 Qxb3 18. Bxb3 Bc7 19. Ne2 O-O 20. Bb4 Rfe8 21. Ba4 Bb8 {nach
mehrereren kleiner Ungenauigkeiten seitens Schwarz hat hier Weiss eine
deutlich vorteilhafte Stellung, Stockfish +1,50 mit Fortsetzung g4} 22. g3
{deutlich schwächer als g4, Stockfish +0,70 für Weiss mit der Fortsetzung
La7} Kh8? {ein sinnloser Zug} 23. Nc3 Ba7 24. b3 b5? {ein ganz schlechter
Zug, danach ist die Partie bereits verloren für Schwarz, Stockfish +3,00
für Weiss mit der Fortsetzung axb6, nötig war Lb8 und Kampf wäre noch
möglich} 25. axb6 Bxb6 26. g4 Rc7 {nochmals klar schwächer als Tcd8,
Stockfish +4,00 für Weiss mit der Fortsetzung g5} 27. g5 Nh7 28. d5 Nhf8
29. Bc6? {besser ist dxe6, Stockfish +2,70 für Weiss} e5? {ganz schwach,
damit ist alles vorbei für Schwarz, Stockfish +5,00 für Weiss mit der
Fortsetzung Sa4, deutlich besser war noch Tec8 mit ca. +3,00 für Weiss} 30.
Bd6 {besser ist Sa4, Stockfish +3,60 für Weiss} Ra7 31. Ne4 Rd8 32. Be7 Rb8
33. Rc4 Bd4 34. Bd6 Rxb3 {ganz schlecht, deutlich mehr Widerstand bot noch
Td8, Stockfish +4,50 für Weiss} 35. Ba4 Rxh3 {etwas besser ist noch Tb2,
spielt aber keine Rolle mehr, Stockfish +6,00 für Weiss} 36. Rc8 Kh7 37.
Bc6 Rh4 38. Re1 Rg4+ 39. Kf1 Rh4 40. Bxf8 {Rest geschenkt} 1-0
[/pgn]
[pgn]

[Event "Turnier 40 / 120"]
[Site "Wien"]
[Date "2022.03.22"]
[Round "25"]
[White "Mephisto Genius 68030 Aktiv - 33 MHZ"]
[Black "Tasc R30 V 2.5 Aktiv - ARM6 - 30 MHZ"]
[Result "1/2-1/2"]
[BlackElo "2332"]
[WhiteElo "2252"]

1. e4 c6 2. d4 d5 3. Nc3 dxe4 4. Nxe4 Nd7 5. Bd3 Ngf6 6. Ng5 e6 7. N1f3 Bd6
8. O-O h6 9. Ne4 Nxe4 10. Bxe4 Nf6 11. Bd3 {Buchende} O-O {Buchende} 12. c3
{Buchbewertung Genius 68030: +0,12 / lt. Stockfish ist die Stellung exakt
ausgeglichen 0,00} b5 {Buchbewertung Tasc R30 V 2.5: -0,50 / lt. Stockfish
ist c5 etwas besser, Weiss ist mit ca. +0,50 im Vorteil mit der Fortsetzung
Se5} 13. Ne5 Bb7 14. Qf3 Rb8? {deutlich besser ist Sd5, Stockfish +2,00 für
Weiss} 15. Qg3 Nh5? {deutlich besser ist c5, nach dem Textzug ist die
Partie praktisch schon verloren für Schwarz, Stockfish -4,00 mit der
Fortsetzung Dh3} 16. Qh3 Nf6 17. Bf4 {besser ist Te1, Weiss steht aber klar
auf Gewinn, Stockfish +3,00} c5 18. dxc5 {Genius 68030: +0,12 sieht noch
kaum Vorteil / Stockfish +3,50} Bxc5 {Tasc R30: -0,75 / etwas besser war
Lc7, Stockfish -3,80} 19. Rad1 Qe7? {deutlich besser ist noch Dc7, nach dem
Textzug ist praktisch alles aus für Schwarz, Stockfish +5,50 für Weiss mit
der Fortsetzung Lxh6 !} 20. Ng4? {um 3,5 Bauerneinheiten schwächer als
Lxh6, Stockfish +2,00 für Weiss} Rbd8? {ein absoluter Verlustzug, Stockfish
-6,00 mit der Fortsetzung Sxh6, nötig war Sxg4 und Kampf wäre noch möglich
mit -2,00} 21. Bxh6? {eindeutig die falsche Schlagoption, bringt den Sieg
wieder in Gefahr, Stockfish nur noch +2,00 für Weiss mit der Fortsetzung
Sxg4} Nxg4 22. Qxg4 f5 23. Qg3 Rd5 24. Rfe1 Rfd8? {verliert die Partie
gegen die Fortsetzung Lg5, Stockfish -4,50, nötig war Df7 mit ca. -2,00}
25. Bg5 f4 26. Bxf4 Bd6 27. Re3 Bxf4 28. Qxf4 e5 29. Qg4 R5d6 30. Bc2 Rxd1+
31. Bxd1 Qf6 32. Bb3+ Bd5 33. c4 {deutlich besser ist De2 mit ca. +6,00,
dennoch steht Weiss klar auf Gewinn, Stockfish +3,50} Qf4 34. Qxf4 exf4 35.
cxd5? {ein völlig unverständlicher Zug, der die Qualität für einen Bauern
hergibt und den Sieg ernsthaft in Gefahr bringt, warum nicht Td3 ???,
Stockfish nur noch +0,50 für Weiss (auch der Tasc R30 hätte diesen Fehler
gemacht !)} fxe3 36. fxe3 Kf7 37. Kf2 {deutlich besser ist h4, nach dem
Textzug ist Schwarz bereits im Vorteil, Stockfish +1,00 mit der Fortsetzung
Th8} Kf6 {der Favorit lässt die Gelegenheit aus hier in Vorteil zu
gelangen, Stockfish wieder +0,50 für Weiss mit der Fortsetzung h4} 38. Ke2
Ke5 39. h4 Rc8 40. Kd2 Rf8 41. Ke1 Rc8 42. Kd1 Rf8 43. Ke2 Rc8 44. Kd1 Rf8
45. Ke1 {lt. Stockfish steht hier Schwarz noch etwas besser mit ca. +0,50
mit der Fortsetzung a5, der Favorit erkennt jedoch keinen Vorteil und
strebt ein Remis durch Stellungswiederholung an} Rc8 46. Kd1
{Stellungswiederholung} 1/2-1/2
[/pgn]
[pgn]